000 00385nam a2200157Ia 4500
008 230524s9999 xx 000 0 und d
082 _a30
_bGOE
100 _aR.G.Goel
_97318
245 0 _aEncyclopedia of Games and sports
250 _a2ND
260 _aNEW DELHI
_bVikash
_c2005
300 _aV;797
500 _aQuantity Number: 1
650 _aMiscellaneous
_91877
942 _cBK
999 _c10422
_d10422